[Event "BL 0405 Solinger SG- Hamburger SK"]
[Site "?"]
[Date "2005.02.12"]
[Round "10.4"]
[White "Smeets, Jan"]
[Black "Wahls, Matthias"]
[Result "1/2-1/2"]
[WhiteElo "2515"]
[BlackElo "2551"]
[PlyCount "98"]
[EventDate "2005.??.??"]

1. e4 c5 2. Nf3 e6 3. d4 cxd4 4. Nxd4 a6 5. Bd3 Nf6 6. Qe2 d6 7. c4 Nbd7 8. O-O
Qc7 9. b3 g6 10. Bb2 Bg7 11. Nf3 O-O 12. e5 dxe5 13. Nxe5 Nc5 14. Bc2 b6 15.
Nd2 Bb7 16. Ndf3 Nh5 17. Rfe1 Rfe8 18. b4 Nd7 19. Ba4 Nxe5 20. Nxe5 Nf4 21. Qg4
Nxg2 22. Re2 h5 23. Qg3 h4 24. Qg4 Re7 25. f4 h3 26. Bb3 Rae8 27. Rf1 a5 28.
Qxh3 axb4 29. Rxg2 Bxg2 30. Qxg2 Qb7 31. Bd4 Qxg2+ 32. Kxg2 Rb7 33. Kf3 Rd8 34.
Be3 Bf8 35. Rd1 Rxd1 36. Bxd1 Bc5 37. Nd3 Bxe3 38. Kxe3 f6 39. Nxb4 Rh7 40. a4
Rxh2 41. Nd3 Kf7 42. c5 bxc5 43. Nxc5 Ke7 44. a5 Kd6 45. Ne4+ Kc7 46. Nxf6 Ra2
47. Bg4 Kd6 48. Ne4+ Ke7 49. Nc5 Rxa5 1/2-1/2

[Event "BL 0405 Solinger SG- Hamburger SK"]
[Site "?"]
[Date "2005.02.12"]
[Round "10.5"]
[White "Reeh, Oliver"]
[Black "Hoffmann, Michael"]
[Result "1/2-1/2"]
[WhiteElo "2464"]
[BlackElo "2468"]
[PlyCount "29"]
[EventDate "2005.??.??"]

1. e4 c5 2. Nf3 d6 3. d4 Nf6 4. Nc3 cxd4 5. Nxd4 a6 6. f4 g6 7. Nf3 Bg7 8. e5
Nh5 9. Be3 O-O 10. exd6 exd6 11. Qd2 Nc6 12. O-O-O Be6 13. Nd4 Qa5 14. a3 Rac8
15. Nxe6 1/2-1/2

[Event "BL 0405 Solinger SG- Hamburger SK"]
[Site "?"]
[Date "2005.02.12"]
[Round "10.6"]
[White "Werle, Jan"]
[Black "Heinemann, Thies"]
[Result "1/2-1/2"]
[WhiteElo "2457"]
[BlackElo "2453"]
[PlyCount "105"]
[EventDate "2005.??.??"]

1. Nf3 c5 2. c4 Nc6 3. d4 cxd4 4. Nxd4 g6 5. e4 Bg7 6. Be3 d6 7. Nc3 Nf6 8. Be2
Nxd4 9. Qxd4 O-O 10. Qd2 Bd7 11. O-O Bc6 12. f3 a5 13. Rab1 Nd7 14. b3 Nc5 15.
a3 Re8 16. Kh1 Qc7 17. Rfd1 Rec8 18. Nd5 Bxd5 19. exd5 Re8 20. Bf1 e6 21. Qf2
Nd7 22. Rbc1 b6 23. dxe6 Rxe6 24. Rd5 Rae8 25. Bf4 Be5 26. Bg5 Bf6 27. Bh6 Be5
28. Rcd1 Nc5 29. b4 axb4 30. axb4 Nd7 31. Qd2 Nf6 32. Rb5 Nd7 33. f4 Bg7 34.
Bxg7 Kxg7 35. f5 Rf6 36. Rd5 Ne5 37. Qd4 Nc6 38. Qc3 Re5 39. b5 Na5 40. Rxd6
Rexf5 41. Rxf6 Rxf6 42. Be2 Nb7 43. Bf3 Nc5 44. Bc6 Qf4 45. g3 Qf5 46. Bg2 Ne4
47. Bxe4 Qxe4+ 48. Kg1 Qe2 49. Qd4 g5 50. Rb1 Kg6 51. Rd1 Kg7 52. Rc1 Kg6 53.
Rd1 1/2-1/2

[Event "BL 0405 Solinger SG- Hamburger SK"]
[Site "?"]
[Date "2005.02.12"]
[Round "10.7"]
[White "Langrock, Hannes"]
[Black "Ernst, Sipke"]
[Result "1/2-1/2"]
[WhiteElo "2407"]
[BlackElo "2521"]
[PlyCount "47"]
[EventDate "2005.??.??"]

1. e4 e5 2. Nf3 Nc6 3. Bb5 a6 4. Bxc6 dxc6 5. O-O f6 6. d4 exd4 7. Nxd4 c5 8.
Nb3 Qxd1 9. Rxd1 Bg4 10. f3 Be6 11. Bf4 c4 12. Nd4 O-O-O 13. Nc3 Rxd4 14. Rxd4
Bc5 15. Ne2 Bxd4+ 16. Nxd4 Bf7 17. g4 Ne7 18. Kf2 Rd8 19. Be3 b6 20. a3 c5 21.
Nf5 Nxf5 22. gxf5 g6 23. fxg6 hxg6 24. h4 1/2-1/2

[Event "BL 0405 Solinger SG- Hamburger SK"]
[Site "?"]
[Date "2005.02.12"]
[Round "10.8"]
[White "Zysk, Robert"]
[Black "Sebastian, Dirk"]
[Result "1/2-1/2"]
[WhiteElo "2462"]
[BlackElo "2371"]
[PlyCount "81"]
[EventDate "2005.??.??"]

1. d4 d5 2. c4 e6 3. Nc3 c6 4. cxd5 exd5 5. Qc2 g6 6. e4 dxe4 7. Qxe4+ Qe7 8.
Bc4 Bf5 9. Qe3 Bg7 10. Nf3 Qxe3+ 11. fxe3 Nf6 12. Ng5 O-O 13. O-O b5 14. Bb3 b4
15. e4 bxc3 16. exf5 cxb2 17. Bxb2 Nd5 18. fxg6 hxg6 19. Rac1 a5 20. Rc5 a4 21.
Bxd5 cxd5 22. Rxd5 a3 23. Bc3 Ra4 24. Rb1 Rc4 25. Rb3 Rfc8 26. Ne4 f5 27. Nc5
Nc6 28. Ne6 Ne7 29. Rd7 Bf6 30. Bb4 Kf7 31. d5 Ke8 32. Bxe7 Bxe7 33. Rbb7 Rc1+
34. Kf2 R1c2+ 35. Kf3 R8c3+ 36. Kf4 Rc4+ 37. Kf3 R4c3+ 38. Kf4 Rc4+ 39. Ke3
R4c3+ 40. Kf4 Rc4+ 41. Ke3 1/2-1/2

[Event "BL 0405 SV Wattenscheid- Preetzer TSV"]
[Site "?"]
[Date "2005.02.12"]
[Round "10.1"]
[White "Pedersen, Steffen"]
[Black "Sargissjan, Gabriel"]
[Result "1/2-1/2"]
[WhiteElo "2441"]
[BlackElo "2611"]
[PlyCount "95"]
[EventDate "2005.??.??"]

1. d4 Nf6 2. c4 e6 3. Nf3 d5 4. Nc3 Bb4 5. cxd5 exd5 6. Bg5 Nbd7 7. e3 c5 8.
Bb5 Qa5 9. Bxd7+ Nxd7 10. O-O Bxc3 11. bxc3 O-O 12. dxc5 Qxc5 13. Qd4 Qxd4 14.
cxd4 Nb6 15. a4 f6 16. Bf4 Nc4 17. Ra2 Bd7 18. Rfa1 a5 19. Rb1 b6 20. e4 dxe4
21. Nd2 Rac8 22. Nxc4 Rxc4 23. Rxb6 Ra8 24. h4 Rxd4 25. Rb8+ Rxb8 26. Bxb8 e3
27. fxe3 Rxh4 28. Bc7 Be6 29. Ra3 Rg4 30. Kf2 Bd5 31. g3 Bc6 32. Bxa5 Bxa4 33.
Rc3 Bd7 34. Rc7 Bf5 35. Bc3 Ra4 36. Bd4 Ra2+ 37. Kf3 h5 38. e4 Bg4+ 39. Ke3 Rg2
40. e5 Re2+ 41. Kd3 fxe5 42. Bc3 e4+ 43. Kd4 Bf3 44. Kc4 Rg2 45. Rxg7+ Kf8 46.
Rg5 Rg1 47. Kd4 Kf7 48. Ke5 1/2-1/2

[Event "BL 0405 SV Wattenscheid- Preetzer TSV"]
[Site "?"]
[Date "2005.02.12"]
[Round "10.2"]
[White "Rustemov, Alexander"]
[Black "Fries Nielsen, Jens Owe"]
[Result "1-0"]
[WhiteElo "2602"]
[BlackElo "2379"]
[PlyCount "85"]
[EventDate "2005.??.??"]

1. d4 d5 2. c4 c6 3. Nc3 Nf6 4. e3 a6 5. Nf3 g6 6. Bd2 Bg7 7. Rc1 O-O 8. Qb3
dxc4 9. Bxc4 b5 10. Be2 Nbd7 11. O-O Rb8 12. Qc2 Bb7 13. b4 Qc7 14. Nd1 Nd5 15.
Nb2 N5b6 16. Rfd1 Ra8 17. h3 Qd6 18. Be1 e6 19. Nd3 Qe7 20. Nd2 e5 21. dxe5
Nxe5 22. Nxe5 Bxe5 23. Nb3 Nd5 24. Nc5 Rac8 25. Bg4 f5 26. Bf3 Bb8 27. Qb3 Rfd8
28. Nxb7 Qxb7 29. Rxc6 Qxc6 30. Bxd5+ Rxd5 31. Rxd5 Kf8 32. Rc5 Qd7 33. Qc3
Rxc5 34. Qh8+ Ke7 35. bxc5 Qd1 36. Qxb8 Qxe1+ 37. Kh2 Qxf2 38. Qd6+ Kf7 39. c6
Qxe3 40. c7 f4 41. Qd1 Qe8 42. Qd5+ Kg7 43. Qb7 1-0

[Event "BL 0405 SV Wattenscheid- Preetzer TSV "]
[Site "?"]
[Date "2005.02.12"]
[Round "10.3"]
[White "Wisnewski, Christoph"]
[Black "Handke, Florian"]
[Result "1-0"]
[WhiteElo "2392"]
[BlackElo "2467"]
[PlyCount "73"]
[EventDate "2005.??.??"]

1. e4 e5 2. Nc3 Nf6 3. f4 d5 4. exd5 exf4 5. Nf3 Be7 6. d4 Nxd5 7. Nxd5 Qxd5 8.
Be2 O-O 9. O-O c5 10. Bxf4 cxd4 11. Nxd4 Bc5 12. c3 Nc6 13. Bf3 Qd8 14. Be3 Ne5
15. Kh1 Qh4 16. Bd5 Bg4 17. Qb3 Qh5 18. Bf4 Rad8 19. Bxb7 Nd3 20. Bg3 Bd6 21.
Bxd6 Rxd6 22. Bf3 Ne5 23. Bxg4 Nxg4 24. h3 Ne3 25. Rf2 Rb6 26. Qa4 Qh4 27. Kg1
Rg6 28. Qd7 Qe4 29. g4 f5 30. Re1 Rxg4+ 31. hxg4 Qxg4+ 32. Kh1 Qh5+ 33. Kg1
Qg4+ 34. Kh1 Qh4+ 35. Kg1 Qg3+ 36. Kh1 Qh3+ 37. Rh2 1-0

[Event "BL 0405 SV Wattenscheid- Preetzer TSV "]
[Site "?"]
[Date "2005.02.12"]
[Round "10.4"]
[White "Appel, Ralf"]
[Black "Junge, Kai"]
[Result "1-0"]
[WhiteElo "2507"]
[BlackElo "2259"]
[PlyCount "91"]
[EventDate "2005.??.??"]

1. Nf3 Nf6 2. d4 g6 3. Bf4 Bg7 4. e3 O-O 5. Nbd2 d6 6. Bc4 Nbd7 7. O-O Qe8 8.
e4 e5 9. dxe5 Nh5 10. Be3 dxe5 11. Re1 Qe7 12. c3 Nc5 13. b4 Ne6 14. Nb3 Rd8
15. Qc2 Nef4 16. Kh1 Bg4 17. Ng1 Bf8 18. Na5 c6 19. g3 Nh3 20. f3 Bc8 21. Nxh3
Bxh3 22. Qf2 Rd7 23. Rad1 Rad8 24. Rxd7 Rxd7 25. Bxa7 Be6 26. Bf1 Bh6 27. Bc5
Qd8 28. Nc4 Bxc4 29. Bxc4 Rd2 30. Re2 b5 31. Rxd2 Qxd2 32. Qxd2 Bxd2 33. Bb3
Bxc3 34. a4 bxa4 35. Bxa4 Ng7 36. Bxc6 Ne6 37. Bd6 Bd4 38. Bd5 Nf8 39. Kg2 Nd7
40. f4 Kg7 41. Bc6 Nb6 42. Bc5 Bxc5 43. bxc5 Nc4 44. Bd5 Ne3+ 45. Kf3 Nc2 46.
c6 1-0

[Event "BL 0405 SV Wattenscheid- Preetzer TSV"]
[Site "?"]
[Date "2005.02.12"]
[Round "10.5"]
[White "Willsch, Matthias"]
[Black "Holzke, Frank Dr"]
[Result "1/2-1/2"]
[WhiteElo "2250"]
[BlackElo "2492"]
[PlyCount "59"]
[EventDate "2005.??.??"]

1. d4 Nf6 2. c4 g6 3. Nc3 d5 4. Nf3 Bg7 5. Bg5 Ne4 6. cxd5 Nxg5 7. Nxg5 e6 8.
Qd2 exd5 9. Qe3+ Kf8 10. Qf4 Bf6 11. h4 h6 12. Nxd5 Bxg5 13. Qe5 Rh7 14. hxg5
Nc6 15. Qe4 Bf5 16. Qf3 Nxd4 17. Qa3+ Kg7 18. Ne3 hxg5 19. Rxh7+ Kxh7 20. O-O-O
Qf6 21. Qc3 c5 22. Nxf5 Qxf5 23. e3 Nc6 24. Bb5 Ne5 25. Rd5 f6 26. f3 c4 27.
Bxc4 Rc8 28. b3 Rc6 29. Qd4 Qe6 30. Rc5 1/2-1/2

[Event "BL 0405 SV Wattenscheid- Preetzer TSV"]
[Site "?"]
[Date "2005.02.12"]
[Round "10.7"]
[White "Richert, Thomas"]
[Black "Lemmers, Oskar Dr"]
[Result "0-1"]
[WhiteElo "2206"]
[BlackElo "2401"]
[PlyCount "90"]
[EventDate "2005.??.??"]

1. d4 c5 2. Nf3 cxd4 3. Nxd4 d5 4. g3 e5 5. Nb3 Nc6 6. Bg2 Be6 7. c3 h6 8. O-O
Nf6 9. N1d2 a5 10. Nf3 a4 11. Nbd2 Bc5 12. e3 O-O 13. Qc2 b5 14. Rd1 Qb6 15.
Nf1 Rac8 16. Qe2 Rfe8 17. Bd2 e4 18. Nd4 Bxd4 19. exd4 Bg4 20. Qe1 Bxd1 21.
Qxd1 Na5 22. a3 Nc4 23. Rb1 Qe6 24. Be3 Qg4 25. Qe1 Qf5 26. h3 h5 27. Qe2 Nh7
28. Re1 g6 29. Kh2 Ng5 30. Bxg5 Qxg5 31. Ne3 h4 32. Qg4 Qxg4 33. hxg4 hxg3+ 34.
Kxg3 Red8 35. Re2 Kg7 36. g5 Nxe3 37. Rxe3 Rh8 38. Bh3 Rcd8 39. Bf1 Rb8 40. Be2
Rh1 41. Bg4 Rg1+ 42. Kf4 f6 43. f3 f5 44. Bh3 Rh8 45. fxe4 Rh4+ 0-1

[Event "BL 0405 SV Wattenscheid- Preetzer TSV"]
[Site "?"]
[Date "2005.02.12"]
[Round "10.8"]
[White "Sträter, Timo"]
[Black "Kornrumpf, Joachim Dr"]
[Result "1/2-1/2"]
[WhiteElo "2348"]
[BlackElo "2016"]
[PlyCount "122"]
[EventDate "2005.??.??"]

1. d4 Nf6 2. Nf3 e6 3. c4 b6 4. Bf4 Bb7 5. e3 c5 6. Nc3 cxd4 7. exd4 d6 8. d5
e5 9. Bd2 Be7 10. Bd3 O-O 11. O-O Ne8 12. Qc2 g6 13. Bh6 Ng7 14. Qd2 f5 15. Bc2
Bf6 16. Ng5 Re8 17. f4 Nd7 18. Nb5 Qb8 19. Qb4 Nc5 20. fxe5 Bxe5 21. Nf3 Bf6
22. Rae1 a6 23. Rxe8+ Nxe8 24. Nbd4 Qc7 25. Qd2 Rc8 26. Re1 Ng7 27. b3 Re8 28.
Rxe8+ Nxe8 29. Qf4 Qe7 30. b4 Ne4 31. Nc6 Bxc6 32. dxc6 Nc7 33. a4 Ne6 34. Qe3
b5 35. axb5 axb5 36. Bxe4 fxe4 37. Qxe4 bxc4 38. Qxc4 Kf7 39. Be3 d5 40. Qxd5
Qxb4 41. Kf2 Qb2+ 42. Kg3 Qb8+ 43. Kh3 Qc8 44. Ng5+ Ke7 45. Qxe6+ Qxe6+ 46.
Nxe6 Kxe6 47. Bf4 g5 48. c7 Kd7 49. Bd6 h5 50. g4 h4 51. Kg2 Bc3 52. h3 Ba5 53.
Kf3 Be1 54. Ke4 Bf2 55. Kf5 Bg3 56. Kg6 Bxd6 57. Kxg5 Bg3 58. Kf6 Kxc7 59. g5
Kd6 60. g6 Be5+ 61. Kg5 Ke6 1/2-1/2

[Event "BL 0405 SFR Neukoelln - SV Hofheim"]
[Site "?"]
[Date "2005.02.12"]
[Round "10.1"]
[White "Savchenko, Stanislav"]
[Black "Miroshnichenko, Evgenij"]
[Result "1/2-1/2"]
[WhiteElo "2497"]
[BlackElo "2617"]
[PlyCount "41"]
[EventDate "2005.??.??"]

1. d4 Nf6 2. c4 g6 3. Nc3 Bg7 4. e4 O-O 5. Nf3 d6 6. Be2 e5 7. O-O Na6 8. Be3
Ng4 9. Bg5 Qe8 10. dxe5 dxe5 11. h3 f6 12. Bd2 Nh6 13. c5 Nxc5 14. Qc1 Nf7 15.
Nd5 Ne6 16. Nxc7 Nxc7 17. Qxc7 Nd8 18. Rfc1 Be6 19. Bc4 Qf7 20. Qxf7+ Rxf7 21.
Be3 1/2-1/2

[Event "BL 0405 SFR Neukoelln - SV Hofheim"]
[Site "?"]
[Date "2005.02.12"]
[Round "10.2"]
[White "Brynell, Stellan"]
[Black "Hickl, Joerg"]
[Result "1-0"]
[WhiteElo "2473"]
[BlackElo "2530"]
[PlyCount "85"]
[EventDate "2005.??.??"]

1. d4 d6 2. Nf3 Nf6 3. c4 g6 4. g3 Bf5 5. Bg2 Qc8 6. Nc3 Bg7 7. O-O O-O 8. b3
Re8 9. Bb2 c6 10. Ne1 c5 11. d5 Na6 12. Qd2 Bd7 13. e4 Nc7 14. a4 e6 15. dxe6
Nxe6 16. Nc2 Bc6 17. Rab1 a6 18. Rfe1 Rb8 19. Nd5 Qd8 20. a5 Nf8 21. Bc3 Bxd5
22. cxd5 Nh5 23. Na3 f5 24. exf5 gxf5 25. Nc4 Qd7 26. Bxg7 Nxg7 27. Qf4 Rxe1+
28. Rxe1 Rd8 29. h4 Qf7 30. Qg5 Rd7 31. Nb6 Rc7 32. Qd8 f4 33. Qxd6 fxg3 34.
Qxg3 Re7 35. Rxe7 Qxe7 36. d6 Qe1+ 37. Kh2 Kf7 38. Bd5+ Nfe6 39. Nc4 Nf5 40.
Qf4 Kf6 41. Bxe6 Qxe6 42. Qg5+ Kf7 43. d7 1-0

[Event "BL 0405 SFR Neukoelln - SV Hofheim"]
[Site "?"]
[Date "2005.02.12"]
[Round "10.3"]
[White "Ginsburg, Gennadi"]
[Black "Polzin, Rainer"]
[Result "1-0"]
[WhiteElo "2481"]
[BlackElo "2517"]
[PlyCount "85"]
[EventDate "2005.??.??"]

1. e4 c5 2. Nf3 d6 3. d4 cxd4 4. Nxd4 Nf6 5. Nc3 g6 6. Be3 Bg7 7. f3 O-O 8. Qd2
Nc6 9. Bc4 Bd7 10. O-O-O Rc8 11. Bb3 Nxd4 12. Bxd4 b5 13. e5 dxe5 14. Bxe5 Bc6
15. Qxd8 Rfxd8 16. a4 a6 17. axb5 axb5 18. Kb1 Nh5 19. Bxg7 Kxg7 20. Bd5 b4 21.
Bxc6 bxc3 22. Rxd8 Rxd8 23. b4 Nf4 24. Re1 Ne6 25. Rxe6 fxe6 26. Ka2 Kf6 27.
Kb3 e5 28. Kxc3 Ke6 29. Be4 Rd1 30. Kc4 Kd6 31. Kb5 Kc7 32. Kc5 Rd2 33. b5 Rxg2
34. b6+ Kb8 35. h3 Rh2 36. c4 Rxh3 37. Kc6 Rh2 38. Kd7 Rd2+ 39. Kxe7 Rd1 40. c5
Rc1 41. c6 Rc4 42. Kd6 Rd4+ 43. Bd5 1-0

[Event "BL 0405 SFR Neukoelln - SV Hofheim"]
[Site "?"]
[Date "2005.02.12"]
[Round "10.4"]
[White "Borriss, Martin Dr"]
[Black "Krivoshey, Sergei"]
[Result "1/2-1/2"]
[WhiteElo "2439"]
[BlackElo "2499"]
[PlyCount "117"]
[EventDate "2005.??.??"]

1. e4 d5 2. exd5 Nf6 3. Bb5+ Bd7 4. Bc4 Bg4 5. f3 Bc8 6. Nc3 Nbd7 7. d4 Nb6 8.
Qd3 Nfxd5 9. Nxd5 Nxd5 10. Bg5 Qd6 11. O-O-O Be6 12. Kb1 O-O-O 13. Ne2 Nb4 14.
Qb3 Bxc4 15. Qxc4 Qd5 16. Qxd5 Nxd5 17. c4 h6 18. Bd2 Nb6 19. b3 e6 20. Bc3 Be7
21. Nf4 Bg5 22. Nd3 Bf6 23. Ne5 Bxe5 24. dxe5 h5 25. Kc2 Rxd1 {(=)} 26. Rxd1
Nd7 27. Kd3 Nf8 28. Ke4 Ng6 29. g3 Rf8 30. Bd4 Re8 31. Bc3 Rf8 32. f4 Re8 33.
f5 Ne7 34. f6 gxf6 35. exf6 Nf5 36. Be5 Rg8 37. Rf1 Rg6 38. Rf3 Kd7 39. h3 Nd6+
40. Kf4 Ne8 41. Ke4 Nd6+ 42. Kf4 Ne8 43. Ke4 b6 44. Rd3+ Kc6 45. Rf3 a6 46. Ke3
Rg5 47. Kf4 Rg6 48. Ke3 a5 49. Ke4 a4 50. b4 Nd6+ 51. Kd4 b5 52. cxb5+ Kxb5 53.
a3 Rg5 54. Rc3 Kb6 55. Rd3 Kc6 56. Rc3+ Kb6 57. Rd3 Kc6 58. Rc3+ Kb6 59. Rd3
1/2-1/2

[Event "BL 0405 SFR Neukoelln - SV Hofheim"]
[Site "?"]
[Date "2005.02.12"]
[Round "10.5"]
[White "Zude, Arno"]
[Black "Berndt, Stephan"]
[Result "0-1"]
[WhiteElo "2398"]
[BlackElo "2438"]
[PlyCount "66"]
[EventDate "2005.??.??"]

1. e4 c5 2. Nf3 d6 3. d4 cxd4 4. Nxd4 Nf6 5. Nc3 g6 6. Be3 Bg7 7. f3 O-O 8. Qd2
Nc6 9. Bc4 Bd7 10. O-O-O Rc8 11. Bb3 Nxd4 12. Bxd4 b5 13. h4 a5 14. a3 b4 15.
axb4 axb4 16. Nb1 Qa5 17. h5 Ba4 18. Bxa4 Qxa4 19. h6 Bh8 20. Qd3 Nd7 21. Bxh8
Nc5 22. Qc4 Nb3+ 23. cxb3 Rxc4+ 24. bxc4 Kxh8 25. Rd3 Qa2 26. Nd2 Qa1+ 27. Nb1
Rc8 28. b3 Qf6 29. g3 Ra8 30. Rh2 Qe5 31. Rh3 Ra2 32. Rd2 Ra1 33. Rc2 f5 0-1

[Event "BL 0405 SFR Neukoelln - SV Hofheim"]
[Site "?"]
[Date "2005.02.12"]
[Round "10.6"]
[White "Thiede, Lars"]
[Black "Houska, Jovanka"]
[Result "1/2-1/2"]
[WhiteElo "2442"]
[BlackElo "2298"]
[PlyCount "168"]
[EventDate "2005.??.??"]

1. c4 e6 2. Nf3 d5 3. b3 Nf6 4. g3 b6 5. Bg2 Bb7 6. O-O Nbd7 7. Bb2 Be7 8. Nc3
O-O 9. d3 c5 10. e3 Rc8 11. Qe2 Qc7 12. Rad1 a6 13. Ne1 dxc4 14. bxc4 Bxg2 15.
Nxg2 Qc6 16. g4 b5 17. g5 Ne8 18. f4 bxc4 19. dxc4 Nd6 20. Rf3 Rfd8 21. Rh3 Nf8
22. e4 Rb8 23. Ba1 Nxe4 24. Rxd8 Bxd8 25. Qxe4 Qxe4 26. Nxe4 Rb1+ 27. Kf2 Rxa1
28. Ra3 a5 29. Ne3 e5 30. f5 Rh1 31. Kg2 Re1 32. Kf2 Rh1 33. Kg2 Re1 34. Rd3
Bb6 35. Kf2 Rb1 36. Rd6 g6 37. Nd5 Rb2+ 38. Kf3 Ba7 39. Ne7+ Kh8 40. Nc6 gxf5
41. Nf6 e4+ 42. Ke3 Bb6 43. Nd5 a4 44. Nce7 Ba5 45. Nxf5 Bd2+ 46. Kxe4 Bxg5 47.
h4 Re2+ 48. Kf3 Re5 49. Kg4 Bc1 50. Rd8 h5+ 51. Kg3 Rxf5 52. Rxf8+ Kg7 53. Rc8
Re5 54. Kf3 Rf5+ 55. Ke2 Bb2 56. Rxc5 Bf6 57. Ra5 Bxh4 58. Rxa4 Bg3 59. Ra3
Rf2+ 60. Ke3 h4 61. Kd4 {(=)} f6 62. Ra7+ Kh6 63. Ra8 Kg6 64. a4 Be5+ 65. Ke3
Ra2 66. Rh8 Ra3+ 67. Ke4 Rxa4 68. Nf4+ Bxf4 69. Kxf4 Rxc4+ 70. Kf3 Kg5 71. Rg8+
Kf5 72. Rh8 Rc3+ 73. Kg2 Kg4 74. Rg8+ Kf4 75. Rh8 Rc2+ 76. Kh3 f5 77. Rxh4+ Kf3
78. Ra4 Re2 79. Ra3+ Re3 80. Ra2 f4 81. Rb2 Rd3 82. Ra2 Ke3 83. Kg4 f3 84. Kg3
Rb3 1/2-1/2

[Event "BL 0405 SFR Neukoelln - SV Hofheim"]
[Site "?"]
[Date "2005.02.12"]
[Round "10.7"]
[White "Zude, Erik Dr"]
[Black "Poldauf, Dirk"]
[Result "0-1"]
[WhiteElo "2385"]
[BlackElo "2418"]
[PlyCount "82"]
[EventDate "2005.??.??"]

1. d4 Nf6 2. c4 g6 3. Nc3 Bg7 4. e4 d6 5. Nf3 O-O 6. h3 e5 7. d5 a5 8. Bg5 Na6
9. Be2 Nc5 10. Nd2 c6 11. O-O h6 12. Be3 Bd7 13. b3 Rc8 14. a3 cxd5 15. cxd5 b5
16. b4 Nd3 17. Bxd3 Rxc3 18. Qe2 Nh5 19. Bxb5 Nf4 20. Bxf4 Bxb5 21. Qxb5 exf4
22. Rac1 Rxa3 23. bxa5 Rxa5 24. Qd3 Re8 25. Rc6 Ra8 26. Nc4 Be5 27. Qf3 Qf6 28.
Kh1 Kh7 29. Qg4 h5 30. Qe2 Re7 31. Qd3 Kh6 32. Rd1 g5 33. f3 Rg8 34. Nxe5 Rxe5
35. Qa3 Rg6 36. Rb1 g4 37. Rbb6 Qh4 38. fxg4 hxg4 39. Qc3 f3 40. Rxd6 fxg2+ 41.
Kh2 Qf2 0-1

[Event "BL 0405 SFR Neukoelln - SV Hofheim"]
[Site "?"]
[Date "2005.02.12"]
[Round "10.8"]
[White "Rudolf, Henrik"]
[Black "Brendel, Oliver"]
[Result "1-0"]
[WhiteElo "2322"]
[BlackElo "2340"]
[PlyCount "91"]
[EventDate "2005.??.??"]

1. e4 c5 2. Nf3 Nc6 3. d4 cxd4 4. Nxd4 g6 5. Nc3 Bg7 6. Be3 Nf6 7. Bc4 O-O 8.
Bb3 d6 9. f3 Bd7 10. Qd2 Nxd4 11. Bxd4 b5 12. a4 bxa4 13. Nxa4 e5 14. Be3 Be6
15. c4 Rb8 16. Ra3 Rb7 17. Ba2 Qe7 18. O-O Rfb8 19. Rb1 Nd7 20. Nc3 Nb6 21. Nd5
Bxd5 22. cxd5 f5 23. Qc2 fxe4 24. fxe4 Rc8 25. Rc3 Rbc7 26. Rc6 h5 27. Rc1 Rxc6
28. dxc6+ Kh7 29. b4 Bh6 30. Bxh6 Kxh6 31. Rf1 Qg5 32. Qf2 h4 33. b5 Na4 34.
Be6 Rc7 35. Qf8+ Kh5 36. h3 Qe7 37. Bg4+ Kg5 38. Qf2 Kh6 39. Rd1 Nc5 40. Qd2+
Qg5 41. Qxg5+ Kxg5 42. Rxd6 Kf4 43. Rd7 Rxd7 44. Bxd7 Nxe4 45. c7 Nd6 46. Kf2
1-0

[Event "BL 0405 SC Kreuzberg - SG Koeln Porz"]
[Site "?"]
[Date "2005.02.12"]
[Round "10.3"]
[White "Sokolov, Ivan"]
[Black "Maiwald, Jens-Uwe"]
[Result "1/2-1/2"]
[WhiteElo "2663"]
[BlackElo "2514"]
[PlyCount "96"]
[EventDate "2005.??.??"]

1. d4 Nf6 2. c4 d6 3. Nc3 g6 4. Bg5 Bg7 5. e3 c5 6. Nf3 h6 7. Bh4 g5 8. Bg3 Nh5
9. dxc5 Nxg3 10. hxg3 dxc5 11. Qxd8+ Kxd8 12. O-O-O+ Bd7 13. Be2 Nc6 14. Nd2 f5
15. Nb3 b6 16. Rh2 Rc8 17. g4 Bxc3 18. bxc3 fxg4 19. Bxg4 Ne5 20. Bxd7 Nxd7 21.
Nd2 Kc7 22. Rdh1 Ne5 23. Rxh6 Nd3+ 24. Kc2 Rxh6 25. Rxh6 Nxf2 26. Rh7 Kd7 27.
Rg7 g4 28. Rf7 g3 29. Rg7 Nh1 30. Kd3 Rf8 31. e4 Rh8 32. Ke3 Rh2 33. Kf3 Rh8
34. Rg6 Rf8+ 35. Ke3 Rh8 36. Nf3 Rh5 37. Kf4 Nf2 38. Rxg3 Nd3+ 39. Ke3 Nb2 40.
Nd2 Rh1 41. Rg8 Rc1 42. g4 Rxc3+ 43. Kf4 Ke6 44. Rg6+ Kf7 45. Rh6 Nd3+ 46. Ke3
Ne5+ 47. Kf4 Nd3+ 48. Ke3 Ne5+ 1/2-1/2

[Event "BL 0405 SC Kreuzberg - SG Koeln Porz"]
[Site "?"]
[Date "2005.02.12"]
[Round "10.5"]
[White "Beliavsky, Alexander G"]
[Black "Volke, Karsten"]
[Result "1/2-1/2"]
[WhiteElo "2660"]
[BlackElo "2483"]
[PlyCount "107"]
[EventDate "2005.??.??"]

1. d4 Nf6 2. c4 e6 3. Nc3 Bb4 4. e3 O-O 5. Bd3 d5 6. Nf3 c5 7. O-O cxd4 8. exd4
dxc4 9. Bxc4 b6 10. Bg5 Bb7 11. Ne5 Bxc3 12. bxc3 Nbd7 13. Nxd7 Qxd7 14. Bxf6
gxf6 15. Re1 Kh8 16. Bf1 Rad8 17. Qg4 Rg8 18. Qh4 Rg6 19. Re3 Qd5 20. f3 Rdg8
21. a4 Qb3 22. Qf2 Ba6 23. c4 Qb4 24. Qc2 Qd6 25. Rd1 Bb7 26. Qf2 Rh6 27. g3
Rh5 28. Rc3 Ra5 29. Ra1 Qb4 30. Rca3 Bc6 31. Qe3 Qd6 32. R3a2 Rf5 33. Rf2 Rd8
34. a5 Qxd4 35. Qxd4 Rxd4 36. axb6 axb6 37. f4 Ra5 38. Rb1 Be4 39. Rc1 Kg7 40.
Rb2 Rd6 41. Kf2 Ra3 42. Be2 e5 43. c5 bxc5 44. fxe5 fxe5 45. Rxc5 f6 46. Rcb5
Ra1 47. Ke3 Bg6 48. Rb7+ Kh6 49. R7b6 Ra3+ 50. Kf2 Rxb6 51. Rxb6 Kg7 52. Rb7+
Kh6 53. Rb6 Kg7 54. Rb7+ 1/2-1/2

[Event "BL 0405 SC Kreuzberg - SG Koeln Porz"]
[Site "?"]
[Date "2005.02.12"]
[Round "10.6"]
[White "Tischbierek, Raj"]
[Black "Graf, Alexander"]
[Result "0-1"]
[WhiteElo "2477"]
[BlackElo "2646"]
[PlyCount "80"]
[EventDate "2005.??.??"]

1. e4 c5 2. Nf3 e6 3. d4 cxd4 4. Nxd4 Nf6 5. Nc3 d6 6. Be2 Be7 7. O-O Nc6 8.
Be3 Bd7 9. Nb3 a6 10. a4 Na5 11. Nxa5 Qxa5 12. f4 Bc6 13. Bf3 O-O 14. Qd2 Qb4
15. Ra3 Qc4 16. Rb3 Bxe4 17. Nxe4 Nxe4 18. Qd3 Qxd3 19. cxd3 Nc5 20. Bxc5 dxc5
21. Rxb7 Bf6 22. b4 cxb4 23. Rxb4 a5 24. Rb5 Bd4+ 25. Kh1 Ra7 26. Rfb1 g6 27.
g4 Kg7 28. f5 exf5 29. gxf5 Rc8 30. fxg6 hxg6 31. Bd5 f6 32. Rb7+ Rxb7 33.
Rxb7+ Kh6 34. Bc4 Re8 35. Rd7 Bc3 36. Kg2 Re2+ 37. Kg1 Kg5 38. h3 Kf4 39. Kf1
Rh2 40. Rh7 Kg3 0-1

[Event "BL 0405 SC Kreuzberg - SG Koeln Porz"]
[Site "?"]
[Date "2005.02.12"]
[Round "10.7"]
[White "Gurevich, Mikhail"]
[Black "Lau, Ralf"]
[Result "1-0"]
[WhiteElo "2644"]
[BlackElo "2481"]
[PlyCount "71"]
[EventDate "2005.??.??"]

1. d4 d5 2. c4 e6 3. Nc3 Be7 4. Bf4 Nf6 5. e3 O-O 6. Nf3 Nbd7 7. cxd5 Nxd5 8.
Nxd5 exd5 9. Bd3 c6 10. O-O Re8 11. Qc2 Nf8 12. h3 g6 13. Rab1 a5 14. a3 a4 15.
Rfd1 Ne6 16. Be5 Ng7 17. Qc1 Qa5 18. g4 Ne6 19. e4 Bd7 20. Re1 Rad8 21. b4 axb3
22. Rxb3 Bc8 23. exd5 Ng5 24. Bf1 Rxd5 25. Bf6 Ne6 26. Bxe7 Rxe7 27. Bc4 Rd8
28. Rbe3 Ree8 29. Re5 Qc7 30. Qh6 Bd7 31. Bxe6 fxe6 32. Ng5 Bc8 33. Nxe6 Bxe6
34. Rxe6 Rxe6 35. Rxe6 Rxd4 36. Re8+ 1-0

[Event "BL 0405 SC Kreuzberg - SG Koeln Porz"]
[Site "?"]
[Date "2005.02.12"]
[Round "10.8"]
[White "Loeffler, Stefan"]
[Black "Van den Doel, Erik"]
[Result "0-1"]
[WhiteElo "2432"]
[BlackElo "2560"]
[PlyCount "104"]
[EventDate "2005.??.??"]

1. Nf3 Nf6 2. c4 e6 3. d4 b6 4. Nc3 Bb4 5. Bg5 Bb7 6. Qc2 c5 7. dxc5 bxc5 8. a3
Bxc3+ 9. Qxc3 O-O 10. e3 d6 11. Rd1 Nbd7 12. Rxd6 Qc7 13. Bxf6 Nxf6 14. Rd3 Ne4
15. Qe5 Qa5+ 16. b4 Qa4 17. Qb2 cxb4 18. Qxb4 Qc2 19. Be2 Rac8 20. Nd4 Qc1+ 21.
Rd1 Qc3+ 22. Kf1 Ba6 23. f3 Rb8 24. Nb5 Qf6 25. Rd4 Rfc8 26. a4 Nc5 27. Kf2 e5
28. Rd5 Ne4+ 29. Kg1 Bb7 30. Rd1 Nc5 31. Qa3 e4 32. f4 Nd3 33. Nd6 Rd8 34. c5
Bc6 35. Bxd3 exd3 36. Qxd3 Rb2 37. Ne4 Rxd3 38. Nxf6+ gxf6 39. Rxd3 Rb1+ 40.
Kf2 Rxh1 41. Rd6 Be4 42. h3 Rh2 43. Rd4 Rxg2+ 44. Kf1 Bf3 45. Rd7 a6 46. Ra7
Ra2 47. c6 Bxc6 48. Rxa6 Bxa4 49. Rxf6 Rh2 50. Rh6 Bd7 51. Rd6 Bxh3+ 52. Kg1
Rg2+ 0-1